<?xml version="1.0" encoding="UTF-8"?>
<record
    xmlns:xsi="http://www.w3.org/2001/XMLSchema-instance"
    xsi:schemaLocation="http://www.loc.gov/MARC21/slim http://www.loc.gov/standards/marcxml/schema/MARC21slim.xsd"
    xmlns="http://www.loc.gov/MARC21/slim">

  <leader>00930nam a2200169   4500</leader>
  <controlfield tag="003">LK-CoMWRAF</controlfield>
  <controlfield tag="005">20231213100740.0</controlfield>
  <controlfield tag="008">231213b        |||||||| |||| 00| 0 eng d</controlfield>
  <datafield tag="040" ind1=" " ind2=" ">
    <subfield code="a">LK-CoMWRAF</subfield>
    <subfield code="d">LK-CoMWRAF</subfield>
    <subfield code="e">LK-CoMWRAF</subfield>
  </datafield>
  <datafield tag="041" ind1=" " ind2=" ">
    <subfield code="a">sin</subfield>
  </datafield>
  <datafield tag="082" ind1=" " ind2=" ">
    <subfield code="a">345.070</subfield>
    <subfield code="b">WAD</subfield>
  </datafield>
  <datafield tag="245" ind1=" " ind2=" ">
    <subfield code="a">1994 &#xD85;&#xD82;&#xD9A; 22 &#xDAF;&#xDBB;&#xDB1; &#xDC0;&#xDB0;&#xDAF;&#xDD3;&#xDB8;&#xDA7; &#xDC3;&#xDC4; &#xD85;&#xDB1;&#xDD2;&#xD9A;&#xDD4;&#xDAD;&#xDCA; &#xD9A;&#xDF2;&#xDBB;, &#xD85;&#xDB8;&#xDCF;&#xDB1;&#xDD4;&#xDC2;&#xDD2;&#xD9A; &#xDC4;&#xDDD; &#xDB1;&#xDD2;&#xDB1;&#xDCA;&#xDAF;&#xDD2;&#xDAD; &#xDC3;&#xDD0;&#xDC5;&#xD9A;&#xDD3;&#xDB8;&#xDA7; &#xDC4;&#xDDD; &#xDAF;&#xDAC;&#xDD4;&#xDC0;&#xDB8;&#xDCA;&#xDC0;&#xDBD;&#xDA7; &#xD91;&#xDBB;&#xDD9;&#xDC4;&#xDD2;&#xDC0; &#xDC0;&#xDD6; &#xDC3;&#xDB8;&#xDCA;&#xDB8;&#xDD4;&#xDAD;&#xDD2;&#xDBA; &#xDB4;&#xDB1;&#xDAD;</subfield>
  </datafield>
  <datafield tag="246" ind1=" " ind2=" ">
    <subfield code="a">1994 anka 22 darana wadadeemata saha anikuth kruura, amanushika hoo ninditha salakeemata hoo danduwamwalata erehi woo sammuthi panatha</subfield>
  </datafield>
  <datafield tag="300" ind1=" " ind2=" ">
    <subfield code="a">&#xD9A;&#xDDC;&#xDC5;&#xDB9; :</subfield>
    <subfield code="b">&#xDB8;&#xDCF;&#xDB1;&#xDC0; &#xDC4;&#xDD2;&#xDB8;&#xDD2;&#xD9A;&#xDB8;&#xDCA; &#xD9A;&#xDDA;&#xDB1;&#xDCA;&#xDAF;&#xDCA;&#x200D;&#xDBB;&#x200D;&#xDBA;-&#xD9A;&#xDDC;&#xDC5;&#xDB9; &#xDC0;&#xDD2;&#xDC1;&#xDCA;&#xDC0;&#xDC0;&#xDD2;&#xDAF;&#xDCA;&#x200D;&#xDBA;&#xDBD;&#xDBA;</subfield>
  </datafield>
  <datafield tag="650" ind1=" " ind2=" ">
    <subfield code="a">1994 &#xD85;&#xD82;&#xD9A; 22 &#xDAF;&#xDBB;&#xDB1; &#xDC3;&#xDB8;&#xDCA;&#xDB8;&#xDD4;&#xDAD;&#xDD2; &#xDB4;&#xDB1;&#xDAD;</subfield>
  </datafield>
  <datafield tag="942" ind1=" " ind2=" ">
    <subfield code="c">BK</subfield>
  </datafield>
  <datafield tag="952" ind1=" " ind2=" ">
    <subfield code="0">0</subfield>
    <subfield code="1">0</subfield>
    <subfield code="4">0</subfield>
    <subfield code="7">0</subfield>
    <subfield code="a">MAIN</subfield>
    <subfield code="b">MAIN</subfield>
    <subfield code="d">2023-12-13</subfield>
    <subfield code="l">0</subfield>
    <subfield code="o">345.070 WAD</subfield>
    <subfield code="p">RAF3452</subfield>
    <subfield code="r">2023-12-13</subfield>
    <subfield code="w">2023-12-13</subfield>
    <subfield code="y">BK</subfield>
  </datafield>
  <datafield tag="952" ind1=" " ind2=" ">
    <subfield code="0">0</subfield>
    <subfield code="1">0</subfield>
    <subfield code="4">0</subfield>
    <subfield code="7">0</subfield>
    <subfield code="a">MAIN</subfield>
    <subfield code="b">MAIN</subfield>
    <subfield code="d">2023-12-13</subfield>
    <subfield code="l">0</subfield>
    <subfield code="o">345.070 WAD</subfield>
    <subfield code="p">RAF3453</subfield>
    <subfield code="r">2023-12-13</subfield>
    <subfield code="w">2023-12-13</subfield>
    <subfield code="y">BK</subfield>
  </datafield>
  <datafield tag="952" ind1=" " ind2=" ">
    <subfield code="0">0</subfield>
    <subfield code="1">0</subfield>
    <subfield code="4">0</subfield>
    <subfield code="7">0</subfield>
    <subfield code="a">MAIN</subfield>
    <subfield code="b">MAIN</subfield>
    <subfield code="d">2023-12-13</subfield>
    <subfield code="l">0</subfield>
    <subfield code="o">345.070 WAD</subfield>
    <subfield code="p">RAF3454</subfield>
    <subfield code="r">2023-12-13</subfield>
    <subfield code="w">2023-12-13</subfield>
    <subfield code="y">BK</subfield>
  </datafield>
  <datafield tag="999" ind1=" " ind2=" ">
    <subfield code="c">4386</subfield>
    <subfield code="d">4386</subfield>
  </datafield>
</record>
